000 00811nam a2200229Ii 4500
003 JO-AjNU
008 230605s9999||||xx |||||||||||||| ||und||
017 _a2008/08/2659
020 _a9957-07-597-2
040 _aJO-AjNU
_bara
_erda
_cJO-AjNU
041 _aara
050 1 4 _aBF432.3.N37.2009
100 3 _aناسه، ايناس السيد محمد,
_eauthor
_942257
245 0 0 _aالاعلام المرئي وتنمية ذكاءات الطفل العربي
250 _aط1
264 3 1 _aعمان:دار الفكر ناشرون وموزعون ،2009
300 _a172ص
336 _atext
_btxt
_2rdacontent
337 _aunmediated
_bn
_2rdamedia
338 _avolume
_bnc
_2rdacarrier
650 4 _aالاتصال الجماهيري-الاتصال-الذكاء-القدرات العقلية
_942258
999 _aA18080
_c21648
_d21648